| 000 | 01438cad a22002775a 4500 | ||
|---|---|---|---|
| 001 | L146107 | ||
| 008 | 081210e20081208xxk f lf000 0 eng d | ||
| 035 | _a(Sirsi) u146107 | ||
| 041 | 0 | _aeng | |
| 050 | 0 | 4 | _a333.33 $2 18 |
| 110 | 2 |
_aUnited Kingdom _kLaws, etc. _95044 |
|
| 245 | 0 | 4 |
_aThe Home Information Pack (Amendment) (No. 3) Regulations 2008 _h[electronic resource] |
| 260 |
_aLondon _bOPSI _c2008 |
||
| 490 | 0 |
_aSI _v2008, 3107 |
|
| 520 | _aThe Home Information Pack (Amendment) (No. 3) Regulations 2008 make alterations to the Home Information Pack (No. 2) Regulations 2007, to ensure that they comply with the Housing Act 2004. Changes introduced include which documents are required in a Home Information Pack (HIP), legislation modifications relating to energy information not available prior to marketing and alterations to the rules affecting the sales of property portfolios. | ||
| 521 | _aAdvanced | ||
| 590 | _aKA NTK | ||
| 650 | 2 | 4 | _aHOUSING ACT 2004 |
| 650 | 2 | 4 | _aHOME INFORMATION PACK (AMENDMENT) (NO. 3) REGULATIONS 2008 |
| 650 | 2 | 4 | _aHOME INFORMATION PACK (NO. 2) REGULATIONS 2007 |
| 650 | 2 | 4 | _aHOME INFORMATION PACKS |
| 651 | 4 |
_aEngland and Wales _y1543- |
|
| 690 | _aPROPERTY-RESIDENTIAL PROPERTY-ACQUISITION AND DISPOSAL OF RESIDENTIAL PROPERTY-HOME BUYING REFORM | ||
| 856 | 4 | 0 |
_uhttps://www.opsi.gov.uk/si/si2008/uksi_20083107_en_2 _zView the item free of charge at www.opsi.gov.uk... |
| 942 | _n0 | ||
| 999 |
_c109048 _d109048 |
||